000 00316nam a22001457a 4500
020 _a0-14-310094-7
041 _aENG
100 _aRussell Ash
245 _aWorld of Facts
260 _aNew York
_bPenguin Books
_c2007
300 _a320
650 _aDictionary
700 _aWhitaker's
856 _uDictionary ( 28 )
999 _c2276
_d2276